[Event "TCh-CHN 2017"]
[Site "China CHN"]
[Date "2017.08.20"]
[Round "14.6"]
[Board "1"]
[White "Wang, Yue"]
[Black "Lu, Shanglei"]
[Result "1/2-1/2"]
[WhiteTitle "GM"]
[BlackTitle "GM"]
[WhiteElo "2690"]
[BlackElo "2641"]
[WhiteTeam "Tianjin"]
[BlackTeam "Zhejiang"]
[WhiteFideId "8601429"]
[BlackFideId "8603332"]
[EventDate "2017.04.18"]

1. d4 d5 2. c4 e6 3. Nc3 Nf6 4. cxd5 Nxd5 5. e4 Nxc3 6. bxc3 c5 7. Rb1 Be7 8.
Nf3 O-O 9. Bc4 Nc6 10. O-O b6 11. Be3 cxd4 12. cxd4 Bb7 13. Qe2 Rc8 14. Rfd1 Qc7
15. Bb5 Rfd8 16. Rbc1 Qb8 17. Bd3 Nb4 18. Bb1 Rxc1 19. Rxc1 Rc8 20. Rd1 Rd8 21.
Rc1 Rc8 22. Rd1 Rd8 1/2-1/2

[Event "TCh-CHN 2017"]
[Site "China CHN"]
[Date "2017.08.20"]
[Round "14.6"]
[Board "2"]
[White "Li, Yankai"]
[Black "Ding, Liren"]
[Result "0-1"]
[BlackTitle "GM"]
[WhiteElo "2456"]
[BlackElo "2777"]
[WhiteTeam "Tianjin"]
[BlackTeam "Zhejiang"]
[WhiteFideId "8609357"]
[BlackFideId "8603677"]
[EventDate "2017.04.18"]

1. e4 c5 2. Nf3 d6 3. d4 cxd4 4. Nxd4 Nf6 5. Nc3 Nc6 6. Bc4 e6 7. Be3 a6 8. Qe2
Na5 9. Bd3 Qc7 10. g4 b5 11. g5 Nd7 12. a3 Bb7 13. f4 Nc4 14. Bxc4 Qxc4 15. Qxc4
bxc4 16. Nf3 h6 17. O-O-O hxg5 18. Nxg5 Rh4 19. Rd2 Be7 20. Rhd1 Nf6 21. Kb1 Rd8
22. Re1 Rd7 23. f5 e5 24. Bb6 Rg4 25. Rg1 Rxg1+ 26. Bxg1 d5 27. Na4 d4 28. Nb6
Rc7 29. b3 cxb3 30. cxb3 Nxe4 31. Nxe4 Bxe4+ 32. Kb2 Bxf5 33. Nd5 Rc5 34. Nxe7
Kxe7 35. b4 Rc4 36. h4 g6 37. Bf2 Ke6 38. Kb3 Rc3+ 39. Kb2 Kd5 40. Bg1 Kc4 41.
Bf2 Rb3+ 42. Ka2 Be6 43. Be1 Kb5 0-1

[Event "TCh-CHN 2017"]
[Site "China CHN"]
[Date "2017.08.20"]
[Round "14.6"]
[Board "3"]
[White "Malakhov, Vladimir"]
[Black "Lan, Zilun"]
[Result "1/2-1/2"]
[WhiteTitle "GM"]
[WhiteElo "2686"]
[BlackElo "2361"]
[WhiteTeam "Tianjin"]
[BlackTeam "Zhejiang"]
[WhiteFideId "4120787"]
[BlackFideId "8604193"]
[EventDate "2017.04.18"]

1. e4 c6 2. d4 d5 3. exd5 cxd5 4. Bd3 Nf6 5. c3 g6 6. Bf4 Bf5 7. Bxf5 gxf5 8.
Nf3 Nc6 9. Ne5 Qb6 10. Qe2 e6 11. O-O Rg8 12. Nd2 Nxe5 13. dxe5 Nd7 14. c4 Qd4
15. Qf3 Bb4 16. Be3 Qh4 17. cxd5 Nxe5 18. Qe2 Bxd2 19. Bxd2 Qe4 20. Qxe4 fxe4
21. Bc3 Nd3 22. dxe6 f5 23. f3 e3 24. f4 e2 25. Rfe1 Nxe1 26. Rxe1 Rc8 27. Rxe2
Rc4 28. Rd2 Rg6 29. Rd7 Rxe6 30. Rxb7 Re7 31. Rb8+ Kf7 32. Be5 Rd7 33. h4 Rc2
34. h5 Rdd2 35. Rb7+ Ke6 36. Rg7 a5 37. a4 Kd5 38. h6 Re2 39. Bc3 Ke4 40. Bxa5
Rxb2 41. Bc7 Rb1+ 42. Kh2 Ree1 43. Re7+ Kd5 44. Rxh7 Rh1+ 45. Kg3 Rb7 46. Re7
Rxh6 47. Re5+ Kd4 48. Bd8 Rg6+ 49. Kh2 Rb2 50. Kh3 Rgxg2 51. Bb6+ Kc4 52. a5
Rh2+ 53. Kg3 Rh5 54. Rc5+ Kd3 55. Rd5+ Ke2 56. Bf2 Rb3+ 57. Kg2 Rb4 58. a6 Rxf4
59. Re5+ Re4 60. a7 Rh8 61. Rxf5 Rg8+ 62. Bg3 Re3 63. Rf2+ Kd3 64. Rf3 Rxf3 1/2-1/2

[Event "TCh-CHN 2017"]
[Site "China CHN"]
[Date "2017.08.20"]
[Round "14.6"]
[Board "4"]
[White "Zhu, Jiner"]
[Black "Stefanova, Antoaneta"]
[Result "0-1"]
[BlackTitle "GM"]
[WhiteElo "2324"]
[BlackElo "2500"]
[WhiteTeam "Zhejiang"]
[BlackTeam "Tianjin"]
[WhiteFideId "8608059"]
[BlackFideId "2902257"]
[EventDate "2017.04.18"]

1. e4 e5 2. Nf3 Nc6 3. Bb5 a6 4. Ba4 Nge7 5. d4 exd4 6. Nxd4 g6 7. Bg5 Bg7 8.
Nxc6 bxc6 9. Nc3 Rb8 10. Bb3 d6 11. Qd2 h6 12. Be3 c5 13. O-O-O Nc6 14. e5 Nxe5
15. Bxc5 Bg4 16. Ba7 Rxb3 17. axb3 Bxd1 18. Rxd1 Qa8 19. Bd4 Qxg2 20. f4 Qxd2+
21. Rxd2 c5 22. Bxe5 dxe5 23. fxe5 Bxe5 24. Re2 f6 25. Ne4 Kf7 26. Nxc5 a5 27.
Nd3 Bd6 28. c4 Rc8 29. Kb1 Be7 30. Kc2 g5 31. Kc3 f5 32. b4 axb4+ 33. Nxb4 Bf6+
34. Kb3 Bd4 35. Nd3 f4 36. Re4 Be3 37. Kc3 Kg6 38. h3 h5 39. b4 Rf8 40. Ne1 Kf5
41. Re7 g4 42. hxg4+ hxg4 43. Ng2 Bf2 44. Kd3 Rd8+ 45. Ke2 f3+ 46. Kxf2 Rd2+ 47.
Kf1 Rxg2 48. Rf7+ Ke4 49. c5 Rc2 50. Re7+ Kf4 51. Re1 g3 52. Rb1 Rh2 0-1

[Event "TCh-CHN 2017"]
[Site "China CHN"]
[Date "2017.08.20"]
[Round "14.6"]
[Board "5"]
[White "Ding, Yixin"]
[Black "Xiao, Yiyi"]
[Result "1-0"]
[WhiteTitle "WGM"]
[BlackTitle "WFM"]
[WhiteElo "2424"]
[BlackElo "2311"]
[WhiteTeam "Zhejiang"]
[BlackTeam "Tianjin"]
[WhiteFideId "8602972"]
[BlackFideId "8606161"]
[EventDate "2017.04.18"]

1. d4 Nf6 2. Bf4 g6 3. Nc3 d5 4. e3 Bg7 5. h4 c5 6. Nb5 Na6 7. c3 Qb6 8. a4 Bg4
9. Be2 Bxe2 10. Qxe2 O-O 11. Nf3 h5 12. Ne5 Qe6 13. dxc5 Ng4 14. Nd3 Rfc8 15.
O-O Nxc5 16. Nxc5 Rxc5 17. Nc7 Rxc7 18. Bxc7 Be5 19. Bxe5 Qxe5 20. g3 Rc8 21.
Rad1 Nf6 22. Rd4 Qf5 23. Kg2 e5 24. Rb4 Rc7 25. Qf3 Qe6 26. Rd1 Kg7 27. Rb5 Qa6
28. Ra1 Rc6 29. Ra3 Re6 30. Ra1 Qc6 31. Rd1 e4 32. Qe2 a6 33. Rb4 Ng4 34. Qd2
Re5 35. Rf1 Rf5 36. a5 Kh7 37. Qd4 Re5 38. Rb6 Qd7 39. f4 exf3+ 40. Rxf3 Qe7 41.
Kg1 Nxe3 42. Rxb7 Qxb7 43. Qxe5 Ng4 44. Qe2 Kg7 45. Rf1 Qc7 46. Qf3 f6 47. Re1
Qd6 48. Qf4 Ne5 49. Qe3 Qd7 50. Kg2 Qb5 51. Qa7+ Kh6 52. Qb6 Nd3 53. Qxb5 1-0

[Event "TCh-CHN 2017"]
[Site "China CHN"]
[Date "2017.08.21"]
[Round "15.1"]
[Board "1"]
[White "Li, Yankai"]
[Black "Fang, Yan"]
[Result "1/2-1/2"]
[WhiteElo "2456"]
[BlackElo "2426"]
[WhiteTeam "Tianjin"]
[BlackTeam "Beijing"]
[WhiteFideId "8609357"]
[BlackFideId "8604746"]
[EventDate "2017.04.18"]

1. e4 c5 2. Nf3 e6 3. d4 cxd4 4. Nxd4 a6 5. Bd3 Nc6 6. Be3 Nf6 7. Nc3 b5 8. O-O
Bb7 9. Nb3 Qc7 10. f4 Na5 11. Nxa5 Qxa5 12. e5 b4 13. exf6 bxc3 14. fxg7 Bxg7
15. bxc3 Bxc3 16. Rb1 Bc6 17. f5 Qe5 18. Qe2 Bd4 19. Rbe1 Qxe3+ 20. Qxe3 Bxe3+
21. Rxe3 Ke7 22. Rf4 a5 23. f6+ Kd6 24. Rd4+ Kc7 25. Rg4 h5 26. Rg7 Raf8 27. Be4
Rh6 28. Bxc6 Kxc6 29. Rc3+ Kd6 30. Rd3+ Kc6 31. Rc3+ Kd6 1/2-1/2

[Event "TCh-CHN 2017"]
[Site "China CHN"]
[Date "2017.08.21"]
[Round "15.1"]
[Board "2"]
[White "Wang, Yue"]
[Black "Li, Chao b"]
[Result "1/2-1/2"]
[WhiteTitle "GM"]
[BlackTitle "GM"]
[WhiteElo "2690"]
[BlackElo "2732"]
[WhiteTeam "Tianjin"]
[BlackTeam "Beijing"]
[WhiteFideId "8601429"]
[BlackFideId "8604436"]
[EventDate "2017.04.18"]

1. d4 Nf6 2. c4 e6 3. Nf3 d5 4. Nc3 c5 5. cxd5 Nxd5 6. e4 Nxc3 7. bxc3 cxd4 8.
cxd4 Bb4+ 9. Bd2 Bxd2+ 10. Qxd2 O-O 11. Bc4 Nd7 12. O-O b6 13. Rad1 Bb7 14. Rfe1
Rc8 15. Bb3 Qe7 16. Qf4 Qf6 17. Qe3 Rfd8 18. h3 h6 19. Rd2 Qe7 20. Qf4 Qf6 21.
Qe3 Qe7 22. Qf4 Qf6 23. Qe3 Qe7 1/2-1/2

[Event "TCh-CHN 2017"]
[Site "China CHN"]
[Date "2017.08.21"]
[Round "15.1"]
[Board "3"]
[White "Malakhov, Vladimir"]
[Black "Wang, Yiye"]
[Result "1-0"]
[WhiteTitle "GM"]
[BlackTitle "IM"]
[WhiteElo "2686"]
[BlackElo "2435"]
[WhiteTeam "Tianjin"]
[BlackTeam "Beijing"]
[WhiteFideId "4120787"]
[BlackFideId "8606021"]
[EventDate "2017.04.18"]

1. Nf3 Nf6 2. c4 c5 3. Nc3 b6 4. e4 d6 5. d4 cxd4 6. Nxd4 Bb7 7. f3 Nbd7 8. Be3
e6 9. Be2 Be7 10. O-O O-O 11. Qd2 a6 12. Rfd1 Re8 13. Bf1 Qc7 14. Rac1 Rac8 15.
Qf2 Qb8 16. Kh1 Bd8 17. h3 Bc7 18. b4 d5 19. cxd5 Bg3 20. Qd2 exd5 21. Nf5 dxe4
22. f4 Nh5 23. Qxd7 Bxf4 24. Bxf4 Qxf4 25. Ne2 1-0

[Event "TCh-CHN 2017"]
[Site "China CHN"]
[Date "2017.08.21"]
[Round "15.1"]
[Board "5"]
[White "Wang, Jue"]
[Black "Chu, Ruotong"]
[Result "1-0"]
[WhiteTitle "WGM"]
[WhiteElo "2359"]
[BlackElo "2166"]
[WhiteTeam "Beijing"]
[BlackTeam "Tianjin"]
[WhiteFideId "8604070"]
[BlackFideId "8605653"]
[EventDate "2017.04.18"]

1. e4 e5 2. Nf3 Nf6 3. Nxe5 d6 4. Nf3 Nxe4 5. d4 d5 6. Bd3 Nc6 7. O-O Be7 8. c4
Nf6 9. h3 O-O 10. Nc3 Nb4 11. Be2 dxc4 12. Bxc4 c6 13. a3 Nbd5 14. Re1 h6 15.
Qd3 Re8 16. Ne5 Bf8 17. Qg3 g6 18. Bd3 Nh5 19. Qf3 Qf6 20. Qd1 Nxc3 21. bxc3 Nf4
22. Bxf4 Qxf4 23. Bc4 Be6 24. Nxg6 fxg6 25. Bxe6+ Kh7 26. Qb3 Rab8 27. Bd7 Red8
28. Bg4 Bd6 29. g3 Qf6 30. Re6 Qf7 31. Rae1 Kg7 32. Bd1 Rf8 33. f4 Rbe8 34. Bc2
g5 35. Rxe8 Rxe8 36. Qxf7+ Kxf7 37. Bg6+ Kxg6 38. Rxe8 Bxa3 39. Re6+ Kf5 40.
Re5+ Kf6 41. Ra5 Bb2 42. Rxa7 Bxc3 43. Rxb7 Bxd4+ 44. Kg2 1-0

[Event "TCh-CHN 2017"]
[Site "China CHN"]
[Date "2017.08.21"]
[Round "15.2"]
[Board "2"]
[White "Lan, Zilun"]
[Black "Wang, Tongsen"]
[Result "1/2-1/2"]
[WhiteElo "2361"]
[BlackElo "2395"]
[WhiteTeam "Zhejiang"]
[BlackTeam "Qingdao"]
[WhiteFideId "8604193"]
[BlackFideId "8608067"]
[EventDate "2017.04.18"]

1. d4 d5 2. c4 c6 3. Nf3 Nf6 4. Nc3 e6 5. e3 Nbd7 6. Bd3 dxc4 7. Bxc4 b5 8. Bd3
a6 9. e4 c5 10. d5 c4 11. dxe6 fxe6 12. Bc2 Qc7 13. Nd4 Nc5 14. O-O Bb7 15. Qe2
Bd6 16. f4 e5 17. Ndxb5 axb5 18. Nxb5 Qb6 19. Nxd6+ Qxd6 20. fxe5 Qxe5 21. Rf5
Qe7 22. Qxc4 Rc8 23. Qb5+ Ncd7 24. Qxb7 Rxc2 25. Bg5 Rf8 26. Re1 Qe6 27. e5 Qxf5
28. exf6+ Kf7 29. Re7+ Kg6 30. Rxg7+ Kh5 31. h3 Qf2+ 32. Kh1 Qe1+ 33. Kh2 Qe5+
34. Kh1 Qe1+ 1/2-1/2

[Event "TCh-CHN 2017"]
[Site "China CHN"]
[Date "2017.08.21"]
[Round "15.2"]
[Board "3"]
[White "Lu, Shanglei"]
[Black "Fang, Yuxiang"]
[Result "1/2-1/2"]
[WhiteTitle "GM"]
[BlackTitle "GM"]
[WhiteElo "2641"]
[BlackElo "2497"]
[WhiteTeam "Zhejiang"]
[BlackTeam "Qingdao"]
[WhiteFideId "8603332"]
[BlackFideId "8605840"]
[EventDate "2017.04.18"]

1. e4 e5 2. Bc4 Nf6 3. d3 c6 4. Nf3 d5 5. Bb3 Qc7 6. O-O dxe4 7. Ng5 Bg4 8. Qe1
Bh5 9. Nxe4 Nxe4 10. Qxe4 Nd7 11. f4 Bc5+ 12. Kh1 O-O-O 13. fxe5 Bg6 14. Qg4
Qxe5 15. Bf4 Qh5 16. Qg3 Nf6 17. Nd2 Qg4 18. Nc4 Qxg3 19. Bxg3 Rhe8 20. Rae1
Rxe1 21. Rxe1 Re8 22. Rxe8+ Nxe8 23. Ne5 Bd4 24. Nxf7 Bf5 25. c3 Be3 26. Bc2 Be6
27. Ne5 Bxa2 28. b3 Nf6 29. d4 Nd5 30. Be1 c5 31. dxc5 Bxc5 32. b4 Be7 33. Bxh7
Bf6 34. Nf7 Bxc3 35. Nd6+ Kd7 36. Bxc3 Nxc3 37. Nxb7 Kc6 1/2-1/2

[Event "TCh-CHN 2017"]
[Site "China CHN"]
[Date "2017.08.21"]
[Round "15.2"]
[Board "4"]
[White "Sun, Fanghui"]
[Black "Qiu, Mengjie"]
[Result "1/2-1/2"]
[BlackTitle "WIM"]
[WhiteElo "2126"]
[BlackElo "2242"]
[WhiteTeam "Qingdao"]
[BlackTeam "Zhejiang"]
[WhiteFideId "8604150"]
[BlackFideId "8606137"]
[EventDate "2017.04.18"]

1. e4 c6 2. Nf3 d5 3. Nc3 Nf6 4. e5 Ne4 5. d4 Nxc3 6. bxc3 c5 7. c4 Nc6 8. Be2
cxd4 9. O-O dxc4 10. Bxc4 e6 11. Bg5 Be7 12. Bxe7 Qxe7 13. Nxd4 Nxe5 14. Bb5+
Bd7 15. Re1 Bxb5 16. Rxe5 Bc6 17. Nf5 Qf6 18. Qd6 g6 19. Rae1 gxf5 20. Rxe6+
fxe6 21. Rxe6+ Qxe6 22. Qxe6+ Kd8 23. Qf6+ Kc7 24. Qe5+ Kb6 25. Qb2+ Kc5 26.
Qc3+ Kd5 27. Qd2+ Ke6 28. Qh6+ Kd5 29. Qd2+ Ke6 30. Qh6+ Kd5 1/2-1/2

[Event "TCh-CHN 2017"]
[Site "China CHN"]
[Date "2017.08.21"]
[Round "15.2"]
[Board "5"]
[White "Hong, Xing"]
[Black "Ding, Yixin"]
[Result "0-1"]
[BlackTitle "WGM"]
[WhiteElo "2017"]
[BlackElo "2424"]
[WhiteTeam "Qingdao"]
[BlackTeam "Zhejiang"]
[WhiteFideId "8606129"]
[BlackFideId "8602972"]
[EventDate "2017.04.18"]

1. e4 g6 2. d4 Bg7 3. Nc3 c6 4. Bc4 b5 5. Bb3 b4 6. Nce2 d6 7. Bg5 Nf6 8. f3
Nbd7 9. Qd2 a5 10. c3 a4 11. Bd1 bxc3 12. Qxc3 c5 13. Be3 O-O 14. Nh3 Ba6 15.
Kf2 Rc8 16. Qd2 cxd4 17. Bxd4 Ne5 18. Bxe5 dxe5 19. Qxd8 Rfxd8 20. Bxa4 Rd2 21.
Rhe1 Rxb2 22. Bb3 Rd8 23. Rab1 Rdd2 24. Rxb2 Rxb2 25. Ng1 Bh6 26. Rd1 Bd2 27. h4
Nh5 28. g3 Ba5 29. f4 exf4 30. Kf3 fxg3 31. Nxg3 Nxg3 32. Kxg3 Bc7+ 33. Kf3 Rh2
34. Rc1 Bd6 35. Ke3 Rxh4 36. Kd4 Rf4 37. Nh3 Rf3 38. e5 Ba3 39. Rh1 Rd3+ 40. Ke4
Rxb3 41. Kd4 0-1

[Event "TCh-CHN 2017"]
[Site "China CHN"]
[Date "2017.08.21"]
[Round "15.3"]
[Board "1"]
[White "Moiseenko, Alexander"]
[Black "Liu, Qingnan"]
[Result "1/2-1/2"]
[WhiteTitle "GM"]
[BlackTitle "GM"]
[WhiteElo "2667"]
[BlackElo "2522"]
[WhiteTeam "Chengdu"]
[BlackTeam "Shenzhen"]
[WhiteFideId "14102560"]
[BlackFideId "8603294"]
[EventDate "2017.04.18"]

1. d4 d5 2. c4 e6 3. Nf3 Nf6 4. Nc3 Be7 5. Bf4 O-O 6. e3 c5 7. dxc5 Bxc5 8. cxd5
Nxd5 9. Nxd5 exd5 10. a3 Nc6 11. Bd3 Bd6 12. Bxd6 Qxd6 13. O-O Rd8 14. Qe2 Bg4
15. h3 Bxf3 16. Qxf3 Ne5 17. Qe2 Qf6 18. Rfd1 Rac8 19. Bc2 Nc6 20. Ba4 a6 21.
Bxc6 Rxc6 22. Rd2 g6 23. Rad1 Rdc8 24. g3 Rc1 25. Kg2 Rxd1 26. Qxd1 Rc5 27. Rd4
Qc6 28. b4 Rc1 29. Qf3 Qb5 30. g4 Qf1+ 31. Kg3 Qg1+ 32. Kh4 h6 33. Rxd5 Rc2 34.
Rd8+ Kg7 35. Rd7 Qxf2+ 36. Qxf2 Rxf2 37. Kg3 Ra2 38. Rxb7 1/2-1/2

[Event "TCh-CHN 2017"]
[Site "China CHN"]
[Date "2017.08.21"]
[Round "15.3"]
[Board "2"]
[White "Li, Di"]
[Black "Wang, Hao"]
[Result "0-1"]
[WhiteTitle "IM"]
[BlackTitle "GM"]
[WhiteElo "2485"]
[BlackElo "2709"]
[WhiteTeam "Chengdu"]
[BlackTeam "Shenzhen"]
[WhiteFideId "8607508"]
[BlackFideId "8602883"]
[EventDate "2017.04.18"]

1. Nf3 Nf6 2. c4 e6 3. Nc3 d5 4. d4 c6 5. Bg5 Nbd7 6. cxd5 exd5 7. e3 Be7 8. Bd3
Ne4 9. Bf4 Ndf6 10. Qc2 O-O 11. O-O Bf5 12. Ne5 g6 13. Rfe1 Nd6 14. h3 Re8 15.
Bh2 Bf8 16. Rad1 Rc8 17. Qa4 Be6 18. Ne2 Qb6 19. Nf4 Bf5 20. Bxf5 Nxf5 21. Nfd3
a5 22. Rc1 Nd6 23. Qd1 Ra8 24. Qf3 Qd8 25. Nc5 Qe7 26. Ng4 Nxg4 27. Bxd6 Qxd6
28. Qxg4 Qc7 29. Rc2 Re7 30. Nd3 Rae8 31. Qf3 Qb6 32. Rec1 Qb5 33. Rc3 a4 34.
R1c2 Kg7 35. Qd1 Ra8 36. Nc5 Rc7 37. Nd3 Bd6 38. Qf1 Re7 39. Qd1 Rae8 40. Rc1 h6
41. Rb1 Ra8 42. Qc2 Qa5 43. Rc1 g5 44. Nc5 Qb5 45. Rb1 Qa5 46. Rc1 Qb5 47. Rb1
Qb4 48. Rc1 Ra5 49. Nd3 Qb6 50. Rb1 Qa7 51. Rc1 Rc7 52. Qe2 Qa8 53. Qc2 Re7 54.
Nc5 b6 55. Nd3 c5 56. dxc5 bxc5 57. Nxc5 Be5 58. b4 axb3 59. Rxb3 d4 60. Qf5 Qd5
61. Qc2 Rc7 62. exd4 Qxd4 0-1

[Event "TCh-CHN 2017"]
[Site "China CHN"]
[Date "2017.08.21"]
[Round "15.3"]
[Board "3"]
[White "Xu, Xiangyu"]
[Black "Andriasian, Zaven"]
[Result "1/2-1/2"]
[WhiteTitle "GM"]
[BlackTitle "GM"]
[WhiteElo "2549"]
[BlackElo "2585"]
[WhiteTeam "Chengdu"]
[BlackTeam "Shenzhen"]
[WhiteFideId "8608288"]
[BlackFideId "13302000"]
[EventDate "2017.04.18"]

1. d4 d5 2. Nf3 Nf6 3. c4 c6 4. Nc3 dxc4 5. a4 Bf5 6. Ne5 Nbd7 7. Nxc4 Qc7 8. g3
e5 9. dxe5 Nxe5 10. Bf4 Nfd7 11. Bg2 g5 12. Nxe5 gxf4 13. Nxd7 O-O-O 14. Qd4
Qxd7 15. Qxh8 Qd2+ 16. Kf1 Qxb2 17. Re1 Bb4 18. Qf6 Qc2 19. Ne4 Bxe4 20. Bh3+
Kc7 21. Qxf4+ Kb6 22. Bf5 Rd1 23. Bxe4 Rxe1+ 24. Kg2 Qxe2 25. Rxe1 Qxe1 26. Bxh7
Qe7 27. h4 Bd6 28. Qd2 Bb4 29. Qf4 Bd6 30. Qd2 Bb4 1/2-1/2

[Event "TCh-CHN 2017"]
[Site "China CHN"]
[Date "2017.08.21"]
[Round "15.3"]
[Board "4"]
[White "Liu, Shilan"]
[Black "Lagno, Kateryna"]
[Result "0-1"]
[WhiteTitle "WGM"]
[BlackTitle "GM"]
[WhiteElo "2083"]
[BlackElo "2547"]
[WhiteTeam "Shenzhen"]
[BlackTeam "Chengdu"]
[WhiteFideId "8600279"]
[BlackFideId "14109336"]
[EventDate "2017.04.18"]

1. e4 d6 2. d4 Nf6 3. Nc3 g6 4. Nf3 Bg7 5. Be2 O-O 6. O-O a6 7. Bf4 Nc6 8. d5 e5
9. Be3 Ne7 10. Nd2 Ne8 11. a4 f5 12. f3 f4 13. Bf2 g5 14. a5 h5 15. Na4 Nf6 16.
h3 Qe8 17. c4 Qg6 18. Ra3 g4 19. fxg4 hxg4 20. hxg4 Nxg4 21. Bf3 Qh5 22. Re1
Qh2+ 23. Kf1 Ne3+ 24. Raxe3 fxe3 25. Rxe3 Ng6 26. Bg1 Qh1 27. Qe1 Nf4 28. Qg3
Nxg2 29. Re2 Nh4 30. Rf2 Nxf3 31. Nxf3 Qh5 32. Nc3 Rf4 33. Nh2 Bd7 34. Ke1 Raf8
35. Kd2 Kh7 36. Rg2 Bh6 37. Be3 Bh3 38. Rg1 Rf2+ 39. Kd3 Rxh2 0-1

[Event "TCh-CHN 2017"]
[Site "China CHN"]
[Date "2017.08.21"]
[Round "15.3"]
[Board "5"]
[White "Huang, Qian"]
[Black "Nie, Xin"]
[Result "1/2-1/2"]
[WhiteTitle "WGM"]
[WhiteElo "2438"]
[BlackElo "2154"]
[WhiteTeam "Shenzhen"]
[BlackTeam "Chengdu"]
[WhiteFideId "8602689"]
[BlackFideId "8605610"]
[EventDate "2017.04.18"]

1. c4 e6 2. g3 Nf6 3. Bg2 d5 4. Nf3 d4 5. b4 Bxb4 6. Qa4+ Nc6 7. Ne5 Rb8 8. Nxc6
bxc6 9. Qxa7 Rb6 10. Qa4 Bd7 11. a3 Bd6 12. Qc2 c5 13. d3 O-O 14. Nd2 Qe8 15. a4
Bc6 16. O-O Bxg2 17. Kxg2 Qa8+ 18. Kg1 Ra6 19. Nf3 e5 20. Nh4 Qc8 21. e4 Qh3 22.
f3 Rfa8 23. Bd2 Nh5 24. Ng2 Be7 25. a5 g5 26. Qc1 Rg6 27. Rf2 Kh8 28. Ra2 Nf4
29. Qf1 Nh5 30. Qc1 Nf4 31. Qf1 Nh5 32. Ne1 Qc8 33. Qe2 Nf6 34. Qd1 Nd7 35. Ng2
Nb8 36. f4 gxf4 37. gxf4 Bh4 38. Re2 Qh3 39. f5 Rg4 40. Ra3 Na6 41. Qf1 Nb4 42.
f6 Rg6 43. Qf5 Qg4 44. Qxg4 Rxg4 45. Kf1 Bxf6 46. Rf2 Kg7 47. Ne1 Be7 48. Nf3
Bd6 49. Rg2 Rxg2 50. Kxg2 c6 51. Kf2 f6 52. Ke2 Bc7 53. Nh4 Rxa5 54. Rxa5 Bxa5
55. Nf5+ Kf7 56. h3 Bc7 57. Be1 Na6 58. Kf3 h5 59. Ng3 Kg6 60. Nf5 Nb8 61. Bd2
Bd8 62. Bc1 Nd7 63. Ba3 Nf8 64. Bc1 Ne6 65. Bd2 Ng7 66. Nh4+ Kf7 67. Nf5 Kg6 68.
Nh4+ Kf7 69. Nf5 1/2-1/2

[Event "TCh-CHN 2017"]
[Site "China CHN"]
[Date "2017.08.21"]
[Round "15.4"]
[Board "1"]
[White "Zhao, Jun"]
[Black "Andreikin, Dmitry"]
[Result "1/2-1/2"]
[WhiteTitle "GM"]
[BlackTitle "GM"]
[WhiteElo "2604"]
[BlackElo "2712"]
[WhiteTeam "Shandong"]
[BlackTeam "Chongqing"]
[WhiteFideId "8602522"]
[BlackFideId "4158814"]
[EventDate "2017.04.18"]

1. e4 e5 2. Nf3 Nc6 3. Nc3 Nf6 4. d4 exd4 5. Nxd4 Bb4 6. Nxc6 bxc6 7. Bd3 O-O 8.
O-O d5 9. exd5 cxd5 10. Bg5 c6 11. Qf3 Rb8 12. Ne2 Bg4 13. Bxf6 Bxf3 14. Bxd8
Bxe2 15. Bxe2 Rfxd8 16. a3 Be7 17. b4 Bf6 18. Rab1 Re8 19. Bd3 Bc3 20. Rb3 Be1
21. Rb1 Bc3 22. Rb3 Be1 23. Rb1 Bc3 1/2-1/2

[Event "TCh-CHN 2017"]
[Site "China CHN"]
[Date "2017.08.21"]
[Round "15.4"]
[Board "3"]
[White "Bu, Xiangzhi"]
[Black "Zeng, Chongsheng"]
[Result "1/2-1/2"]
[WhiteTitle "GM"]
[BlackTitle "GM"]
[WhiteElo "2730"]
[BlackElo "2547"]
[WhiteTeam "Shandong"]
[BlackTeam "Chongqing"]
[WhiteFideId "8601445"]
[BlackFideId "8603847"]
[EventDate "2017.04.18"]

1. d4 Nf6 2. Nf3 g6 3. Bf4 Bg7 4. c3 O-O 5. h3 b6 6. Nbd2 Bb7 7. e3 d6 8. a4 a6
9. Bc4 Nbd7 10. O-O Qe8 11. Bh2 e5 12. Qe2 Qe7 13. dxe5 dxe5 14. e4 Ne8 15. Rfe1
Nd6 16. Bd5 c6 17. Ba2 a5 18. Nc4 Nxc4 19. Bxc4 Nc5 20. Qc2 Kh8 21. b4 axb4 22.
cxb4 Na6 23. Rab1 f6 24. Bxa6 Rxa6 25. Nd2 Rfa8 26. Nc4 b5 27. axb5 cxb5 28. Na5
Rd6 29. Qe2 Qd7 30. Rbd1 Raa6 31. f4 Ba8 32. fxe5 fxe5 33. Bg3 h5 34. Nb3 Rxd1
35. Rxd1 Rd6 36. Ra1 1/2-1/2

[Event "TCh-CHN 2017"]
[Site "China CHN"]
[Date "2017.08.21"]
[Round "15.4"]
[Board "4"]
[White "Lei, Tingjie"]
[Black "Zhang, Xiaowen"]
[Result "1-0"]
[WhiteTitle "GM"]
[BlackTitle "WGM"]
[WhiteElo "2528"]
[BlackElo "2332"]
[WhiteTeam "Chongqing"]
[BlackTeam "Shandong"]
[WhiteFideId "8605114"]
[BlackFideId "8603219"]
[EventDate "2017.04.18"]

1. e4 e5 2. Nf3 Nc6 3. Bb5 a6 4. Ba4 d6 5. c3 Bd7 6. O-O g6 7. d4 Bg7 8. Be3 Nf6
9. d5 Ne7 10. Bxd7+ Qxd7 11. Qc2 h6 12. c4 Ng4 13. Bd2 f5 14. Nc3 Nf6 15. Rfe1
O-O 16. exf5 gxf5 17. Rad1 Ng6 18. Bc1 Nh5 19. Ne2 c5 20. dxc6 Qxc6 21. b3 b5
22. Nc3 bxc4 23. Nd5 e4 24. Nh4 Nf6 25. Nxg6 Nxd5 26. Rxd5 Kf7 27. Qd1 1-0

[Event "TCh-CHN 2017"]
[Site "China CHN"]
[Date "2017.08.21"]
[Round "15.4"]
[Board "5"]
[White "Tan, Zhongyi"]
[Black "Ning, Kaiyu"]
[Result "1-0"]
[WhiteTitle "GM"]
[WhiteElo "2517"]
[BlackElo "2169"]
[WhiteTeam "Chongqing"]
[BlackTeam "Shandong"]
[WhiteFideId "8603642"]
[BlackFideId "8614750"]
[EventDate "2017.04.18"]

1. c4 e6 2. Nc3 d5 3. d4 Nf6 4. Bg5 c6 5. e3 Be7 6. Nf3 Nbd7 7. Qc2 O-O 8. h3 b6
9. Bd3 Bb7 10. O-O dxc4 11. Bxc4 c5 12. dxc5 Nxc5 13. Rfd1 Qc8 14. Nd4 Nce4 15.
Nxe4 Bxe4 16. Qe2 e5 17. Nb5 Qf5 18. Bh4 Bc6 19. Nc3 Bb4 20. Bxf6 Qxf6 21. Nd5
Bxd5 22. Rxd5 Rfd8 23. Rad1 Be7 24. Bb3 Rxd5 25. Rxd5 Rd8 26. Qa6 Rxd5 27. Bxd5
Qd6 28. Qxa7 g6 29. Qb7 Kg7 30. a3 Qf6 31. b4 h5 32. Qc6 Qxc6 33. Bxc6 f5 34.
Kf1 e4 35. Ke2 Bf6 36. Kd2 Bh4 37. g3 Bf6 38. a4 Bd8 39. Kc3 h4 40. g4 Kf6 41.
gxf5 gxf5 42. Kd4 Bc7 43. Bd7 Bg3 44. a5 bxa5 45. bxa5 f4 46. exf4 Bxf2+ 47.
Kxe4 Ba7 48. a6 Ke7 49. Bb5 Kf6 50. Bd3 Ke6 51. f5+ 1-0